[Event "VI Sunway Sitges Open 2019"]
[Site "Sitges"]
[Date "2019.12.15"]
[Round "3.43"]
[White "Ortega Serra, Marc"]
[Black "Lobanov, Sergei"]
[Result "0-1"]
[WhiteElo "2345"]
[BlackElo "2504"]
[Annotator "ChessBase"]
[PlyCount "148"]
[EventDate "2019.12.13"]
[EventType "swiss"]
[EventCountry "ESP"]
[SourceTitle "playchess.com"]
[Source "ChessBase"]
[SourceQuality "1"]
[TimeControl "40/5400+30:1800+30"]

1. d4 {[%emt 0:00:00]} Nf6 {[%emt 0:00:00]} 2. c4 {[%emt 0:00:02]} e6 {[%emt 0:00:00]} 3. Nc3 {[%emt 0:00:14]} Bb4 {[%emt 0:00:00]} 4. e3 {[%emt 0:01:05]} O-O {[%emt 0:00:00]} 5. a3 {[%emt 0:00:20]} Bxc3+ {[%emt 0:00:04]} 6. bxc3 {[%emt 0:00:04]} c5 {[%emt 0:00:15]} 7. Bd3 {[%emt 0:00:07]} Nc6 {[%emt 0:00:08]} 8. Ne2 {[%emt 0:00:10]} b6 {[%emt 0:00:13]} 9. e4 {[%emt 0:00:28]} d6 {[%emt 0:00:24]} 10. f4 {[%emt 0:02:27]} Ba6 {[%emt 0:00:18]} 11. O-O {[%emt 0:02:52]} Na5 {[%emt 0:00:35]} 12. f5 {[%emt 0:04:52]} exf5 {[%emt 0:01:01]} 13. Rxf5 {[%emt 0:00:00]} Ne8 {[%emt 0:04:59]} 14. Ng3 {[%emt 0:10:13]} Bxc4 {[%emt 0:00:00]} 15. Bxc4 {[%emt 0:00:13]} Nxc4 {[%emt 0:00:00]} 16. Bg5 {[%emt 0:02:39]} Qc7 {[%emt 0:10:40]} 17. Qe2 {[%emt 0:02:15]} cxd4 {[%emt 0:08:37]} 18. cxd4 {[%emt 0:00:18]} f6 {[%emt 0:01:28]} 19. Raf1 {[%emt 0:03:59]} Rc8 {[%emt 0:01:24]} 20. Kh1 {[%emt 0:12:51]} b5 {[%emt 0:04:40]} 21. Qg4 {[%emt 0:08:17]} Qd7 {[%emt 0:03:47]} 22. Nh5 {[%emt 0:01:32]} Kh8 {[%emt 0:02:12]} 23. Qh4 {[%emt 0:02:06]} Rf7 {[%emt 0:04:08]} 24. R5f3 {[%emt 0:09:41]} Rc7 {[%emt 0:10:18]} 25. Bc1 {[%emt 0:00:12]} Qc8 {[%emt 0:06:26]} 26. Qe1 {[%emt 0:05:24]} Rfe7 {[%emt 0:13:29]} 27. Nf4 {[%emt 0:01:53]} Nb6 {[%emt 0:00:03]} 28. Bd2 {[%emt 0:04:34]} Rc2 {[%emt 0:01:09]} 29. Bb4 {[%emt 0:02:51]} Rec7 {[%emt 0:05:25]} 30. e5 {[%emt 0:06:19]} Rc1 {[%emt 0:00:42]} 31. Qe2 {[%emt 0:00:01]} Rxf1+ {[%emt 0:00:58]} 32. Rxf1 {[%emt 0:00:09]} dxe5 {[%emt 0:00:11]} 33. dxe5 {[%emt 0:00:13]} Rc1 {[%emt 0:02:16]} 34. Be1 {[%emt 0:00:57]} Qc4 {[%emt 0:02:09]} 35. Nd3 {[%emt 0:00:01]} Rc2 {[%emt 0:05:01]} 36. Qf3 {[%emt 0:00:01]} Qd5 {[%emt 0:04:45]} 37. Qh3 {[%emt 0:02:41]} Qd7 {[%emt 0:02:00]} 38. e6 {[%emt 0:02:21]} Qd5 {[%emt 0:03:48]} 39. Bb4 {[%emt 0:01:59]} Qe4 {[%emt 0:01:41]} 40. Re1 {[%emt 0:01:44]} Re2 {[%emt 0:00:29]} 41. e7 {[%emt 0:36:37]} Nd5 {[%emt 0:32:07]} 42. Rxe2 {[%emt 0:01:41]} Qxe2 {[%emt 0:00:01]} 43. Qf3 {[%emt 0:00:07]} Qxf3 {[%emt 0:00:30]} 44. gxf3 {[%emt 0:00:02]} Kg8 {[%emt 0:00:12]} 45. Bc5 {[%emt 0:01:24]} a5 {[%emt 0:00:09]} 46. Nb2 {[%emt 0:00:39]} Kf7 {[%emt 0:00:29]} 47. a4 {[%emt 0:00:08]} bxa4 {[%emt 0:00:51]} 48. Nxa4 {[%emt 0:00:25]} Nxe7 {[%emt 0:00:06]} 49. Nb6 {[%emt 0:00:37]} Ke6 {[%emt 0:00:56]} 50. Kg1 {[%emt 0:01:43]} Nc6 {[%emt 0:00:07]} 51. Kf2 {[%emt 0:00:11]} Nc7 {[%emt 0:00:06]} 52. h4 {[%emt 0:01:43]} h5 {[%emt 0:00:28]} 53. Kg3 {[%emt 0:01:04]} Ne5 {[%emt 0:00:33]} 54. f4 {[%emt 0:01:01]} Nc6 {[%emt 0:00:45]} 55. Kf3 {[%emt 0:00:15]} Nd5 {[%emt 0:00:48]} 56. Na4 {[%emt 0:00:50]} Nde7 {[%emt 0:00:25]} 57. Bf2 {[%emt 0:01:07]} Nf5 {[%emt 0:00:49]} 58. Ke4 {[%emt 0:00:21]} Nd6+ {[%emt 0:00:05]} 59. Kf3 {[%emt 0:00:08]} Nd8 {[%emt 0:01:18]} 60. Nb6 {[%emt 0:00:49]} N8b7 {[%emt 0:00:11]} 61. Be1 {[%emt 0:00:25]} Nf5 {[%emt 0:00:14]} 62. Ke4 {[%emt 0:00:11]} Nc5+ {[%emt 0:00:21]} 63. Kf3 {[%emt 0:00:06]} Nd4+ {[%emt 0:01:50]} 64. Kg2 {[%emt 0:00:01]} a4 {[%emt 0:01:06]} 65. Bb4 {[%emt 0:00:07]} Nd3 {[%emt 0:00:13]} 66. Bc3 {[%emt 0:00:26]} Nxf4+ {[%emt 0:00:16]} 67. Kf2 {[%emt 0:00:01]} Nf5 {[%emt 0:00:33]} 68. Nxa4 {[%emt 0:00:26]} Nxh4 {[%emt 0:00:05]} 69. Nc5+ {[%emt 0:00:13]} Kf5 {[%emt 0:00:13]} 70. Nd7 {[%emt 0:00:55]} Nhg6 {[%emt 0:00:20]} 71. Bd2 {[%emt 0:00:59]} Ne5 {[%emt 0:00:15]} 72. Nf8 {[%emt 0:00:27]} g5 {[%emt 0:00:12]} 73. Bc3 {[%emt 0:00:14]} Ne6 {[%emt 0:00:12]} 74. Nh7 {[%emt 0:00:21]} Kg6 {[%emt 0:00:06]} 0-1

[Event "VI Sunway Sitges Open 2019"]
[Site "Sitges"]
[Date "2019.12.15"]
[Round "3.44"]
[White "Krastev, Alexander"]
[Black "Iniyan, P."]
[Result "1/2-1/2"]
[WhiteElo "2323"]
[BlackElo "2497"]
[Annotator "ChessBase"]
[PlyCount "60"]
[EventDate "2019.12.13"]
[EventType "swiss"]
[EventCountry "ESP"]
[SourceTitle "playchess.com"]
[Source "ChessBase"]
[SourceQuality "1"]
[TimeControl "40/5400+30:1800+30"]

1. e4 {[%emt 0:00:03]} c5 {[%emt 0:00:13]} 2. Nf3 {[%emt 0:00:09]} a6 {[%emt 0:00:04]} 3. c3 {[%emt 0:01:16]} d6 {[%emt 0:00:36]} 4. d4 {[%emt 0:00:00]} Nd7 {[%emt 0:00:43]} 5. Bd3 {[%emt 0:00:12]} g6 {[%emt 0:00:29]} 6. O-O {[%emt 0:00:36]} Bg7 {[%emt 0:00:22]} 7. Re1 {[%emt 0:00:10]} Qc7 {[%emt 0:03:50]} 8. Nbd2 {[%emt 0:01:30]} e5 {[%emt 0:03:45]} 9. dxe5 {[%emt 0:07:23]} dxe5 {[%emt 0:03:15]} 10. a4 {[%emt 0:03:16]} b6 {[%emt 0:01:43]} 11. Nc4 {[%emt 0:04:47]} Ngf6 {[%emt 0:04:06]} 12. Bc2 {[%emt 0:00:00]} O-O {[%emt 0:00:07]} 13. Qd6 {[%emt 0:10:14]} Qxd6 {[%emt 0:06:54]} 14. Nxd6 {[%emt 0:00:06]} Ne8 {[%emt 0:00:07]} 15. Rd1 {[%emt 0:07:06]} Nxd6 {[%emt 0:01:20]} 16. Rxd6 {[%emt 0:00:05]} Ra7 {[%emt 0:00:13]} 17. Bg5 {[%emt 0:22:20]} Rc7 {[%emt 0:00:40]} 18. Rad1 {[%emt 0:01:05]} Re8 {[%emt 0:00:12]} 19. c4 {[%emt 0:13:47]} Bf8 {[%emt 0:00:44]} 20. R6d5 {[%emt 0:01:15]} f6 {[%emt 0:00:06]} 21. Bh4 {[%emt 0:04:30]} a5 {[%emt 0:02:11]} 22. Nd2 {[%emt 0:03:42]} g5 {[%emt 0:01:24]} 23. Bg3 {[%emt 0:00:04]} Nb8 {[%emt 0:00:07]} 24. Nf1 {[%emt 0:02:15]} Nc6 {[%emt 0:01:07]} 25. R5d2 {[%emt 0:00:43]} Nd4 {[%emt 0:00:52]} 26. Ne3 {[%emt 0:00:08]} Kf7 {[%emt 0:00:08]} 27. Nd5 {[%emt 0:00:53]} Rb7 {[%emt 0:00:11]} 28. Re1 {[%emt 0:01:02]} Be7 {[%emt 0:02:44]} 29. Bd1 {[%emt 0:01:16]} Kg6 {[%emt 0:00:03]} 30. h4 {[%emt 0:00:54]} Bd8 {[%emt 0:02:39]} 1/2-1/2

[Event "VI Sunway Sitges Open 2019"]
[Site "Sitges"]
[Date "2019.12.15"]
[Round "3.45"]
[White "Gordon, Stephen J"]
[Black "Samant Aditya S"]
[Result "1-0"]
[WhiteElo "2495"]
[BlackElo "2309"]
[Annotator "ChessBase"]
[PlyCount "71"]
[EventDate "2019.12.13"]
[EventType "swiss"]
[EventCountry "ESP"]
[SourceTitle "playchess.com"]
[Source "ChessBase"]
[SourceQuality "1"]
[TimeControl "40/5400+30:1800+30"]

1. d4 {[%emt 0:00:00]} Nf6 {[%emt 0:00:00]} 2. c4 {[%emt 0:00:00]} e6 {[%emt 0:00:00]} 3. Nf3 {[%emt 0:00:03]} Bb4+ {[%emt 0:00:00]} 4. Nbd2 {[%emt 0:00:21]} b6 {[%emt 0:00:12]} 5. a3 {[%emt 0:00:21]} Bxd2+ {[%emt 0:00:14]} 6. Qxd2 {[%emt 0:00:02]} Bb7 {[%emt 0:00:12]} 7. e3 {[%emt 0:00:32]} O-O {[%emt 0:00:55]} 8. Be2 {[%emt 0:00:25]} a5 {[%emt 0:00:50]} 9. b3 {[%emt 0:00:10]} d6 {[%emt 0:00:07]} 10. O-O {[%emt 0:01:03]} Nbd7 {[%emt 0:00:28]} 11. Bb2 {[%emt 0:00:33]} Qe7 {[%emt 0:02:10]} 12. Rad1 {[%emt 0:10:11]} Ne4 {[%emt 0:12:26]} 13. Qc2 {[%emt 0:00:00]} f5 {[%emt 0:00:16]} 14. d5 {[%emt 0:00:00]} e5 {[%emt 0:00:29]} 15. Nd2 {[%emt 0:03:48]} Nxd2 {[%emt 0:02:40]} 16. Rxd2 {[%emt 0:00:23]} Qg5 {[%emt 0:12:25]} 17. f4 {[%emt 0:03:51]} Qh6 {[%emt 0:06:08]} 18. Bd3 {[%emt 0:01:46]} g6 {[%emt 0:03:30]} 19. b4 {[%emt 0:17:13]} axb4 {[%emt 0:11:05]} 20. axb4 {[%emt 0:00:02]} Rae8 {[%emt 0:02:02]} 21. Rdd1 {[%emt 0:10:11]} Nf6 {[%emt 0:15:57]} 22. h3 {[%emt 0:00:02]} Qh4 {[%emt 0:02:58]} 23. Ra1 {[%emt 0:12:01]} Qg3 {[%emt 0:16:56]} 24. Rf3 {[%emt 0:04:40]} Qh4 {[%emt 0:00:10]} 25. Bf1 {[%emt 0:01:54]} c6 {[%emt 0:03:49]} 26. Ra7 {[%emt 0:01:22]} Rf7 {[%emt 0:00:11]} 27. c5 {[%emt 0:13:50]} Nxd5 {[%emt 0:04:41]} 28. cxd6 {[%emt 0:00:22]} e4 {[%emt 0:02:25]} 29. Rf2 {[%emt 0:00:29]} Nxe3 {[%emt 0:00:40]} 30. Qb3 {[%emt 0:11:56]} Nd5 {[%emt 0:00:26]} 31. b5 {[%emt 0:00:40]} e3 {[%emt 0:00:33]} 32. Re2 {[%emt 0:01:45]} Nxf4 {[%emt 0:00:32]} 33. Rxb7 {[%emt 0:00:56]} Nxe2+ {[%emt 0:00:19]} 34. Bxe2 {[%emt 0:00:13]} Qe1+ {[%emt 0:00:38]} 35. Kh2 {[%emt 0:00:58]} Ref8 {[%emt 0:00:10]} 36. Rxf7 {[%emt 0:00:49]} 1-0

[Event "VI Sunway Sitges Open 2019"]
[Site "Sitges"]
[Date "2019.12.15"]
[Round "3.46"]
[White "Krishnater Kushager"]
[Black "Zanan, Evgeny"]
[Result "1/2-1/2"]
[WhiteElo "2308"]
[BlackElo "2493"]
[Annotator "ChessBase"]
[PlyCount "100"]
[EventDate "2019.12.13"]
[EventType "swiss"]
[EventCountry "ESP"]
[SourceTitle "playchess.com"]
[Source "ChessBase"]
[SourceQuality "1"]
[TimeControl "40/5400+30:1800+30"]

1. d4 {[%emt 0:00:00]} Nf6 {[%emt 0:04:26]} 2. c4 {[%emt 0:00:00]} g6 {[%emt 0:01:06]} 3. Nc3 {[%emt 0:00:00]} Bg7 {[%emt 0:00:42]} 4. e4 {[%emt 0:00:00]} d6 {[%emt 0:00:03]} 5. Nf3 {[%emt 0:00:00]} O-O {[%emt 0:00:08]} 6. h3 {[%emt 0:00:00]} e5 {[%emt 0:00:04]} 7. d5 {[%emt 0:00:01]} a5 {[%emt 0:00:02]} 8. Be3 {[%emt 0:00:13]} Na6 {[%emt 0:00:05]} 9. g4 {[%emt 0:00:09]} Nd7 {[%emt 0:01:05]} 10. a3 {[%emt 0:00:17]} Nb6 {[%emt 0:00:17]} 11. Rg1 {[%emt 0:01:51]} Bd7 {[%emt 0:16:36]} 12. h4 {[%emt 0:00:47]} Nc5 {[%emt 0:00:24]} 13. b3 {[%emt 0:01:08]} a4 {[%emt 0:07:41]} 14. b4 {[%emt 0:00:58]} Nb3 {[%emt 0:00:03]} 15. Ra2 {[%emt 0:13:20]} c5 {[%emt 0:09:23]} 16. dxc6 {[%emt 0:01:44]} Bxc6 {[%emt 0:10:39]} 17. b5 {[%emt 0:01:08]} Be8 {[%emt 0:09:06]} 18. Nxa4 {[%emt 0:01:02]} Nxa4 {[%emt 0:03:04]} 19. Qxb3 {[%emt 0:01:07]} Nc5 {[%emt 0:00:04]} 20. Qc2 {[%emt 0:10:07]} Bd7 {[%emt 0:02:39]} 21. Be2 {[%emt 0:03:00]} Qc8 {[%emt 0:04:45]} 22. Nd2 {[%emt 0:05:35]} Kh8 {[%emt 0:03:55]} 23. Nb3 {[%emt 0:04:42]} Na4 {[%emt 0:08:08]} 24. Qd3 {[%emt 0:04:59]} Be6 {[%emt 0:00:09]} 25. h5 {[%emt 0:04:08]} Qc7 {[%emt 0:02:45]} 26. Rh1 {[%emt 0:06:48]} Rfc8 {[%emt 0:04:20]} 27. Rc2 {[%emt 0:04:52]} Nb6 {[%emt 0:00:28]} 28. Nd2 {[%emt 0:01:18]} Nd7 {[%emt 0:00:20]} 29. hxg6 {[%emt 0:04:02]} fxg6 {[%emt 0:00:02]} 30. Bh6 {[%emt 0:00:05]} Nc5 {[%emt 0:04:23]} 31. Qe3 {[%emt 0:02:45]} Bxh6 {[%emt 0:00:43]} 32. Rxh6 {[%emt 0:00:33]} Qg7 {[%emt 0:01:06]} 33. Rh2 {[%emt 0:03:43]} Bg8 {[%emt 0:01:34]} 34. Rc3 {[%emt 0:04:04]} Ne6 {[%emt 0:00:52]} 35. Qh6 {[%emt 0:02:25]} Qxh6 {[%emt 0:02:54]} 36. Rxh6 {[%emt 0:00:05]} Nd4 {[%emt 0:00:03]} 37. Rhh3 {[%emt 0:00:42]} Rc7 {[%emt 0:01:13]} 38. g5 {[%emt 0:04:36]} Be6 {[%emt 0:00:50]} 39. Rhg3 {[%emt 0:01:14]} Rac8 {[%emt 0:00:17]} 40. a4 {[%emt 0:00:00]} b6 {[%emt 0:00:00]} 41. Rc1 {[%emt 0:13:55]} Kg7 {[%emt 0:12:22]} 42. Bd1 {[%emt 0:01:03]} h6 {[%emt 0:02:07]} 43. gxh6+ {[%emt 0:01:43]} Kxh6 {[%emt 0:00:01]} 44. Rgc3 {[%emt 0:06:34]} Kg5 {[%emt 0:02:14]} 45. Nf3+ {[%emt 0:00:20]} Kf6 {[%emt 0:03:47]} 46. Kd2 {[%emt 0:03:05]} Bg4 {[%emt 0:05:56]} 47. Ne1 {[%emt 0:03:42]} Bxd1 {[%emt 0:02:22]} 48. Kxd1 {[%emt 0:00:15]} Ra7 {[%emt 0:00:35]} 49. Ra3 {[%emt 0:00:52]} Rac7 {[%emt 0:00:25]} 50. Rac3 {[%emt 0:00:08]} Ra7 {[%emt 0:00:05]} 1/2-1/2

[Event "VI Sunway Sitges Open 2019"]
[Site "Sitges"]
[Date "2019.12.15"]
[Round "3.47"]
[White "Papadiamandis, Elliot"]
[Black "Gines Esteo, Pedro Antonio"]
[Result "1/2-1/2"]
[WhiteElo "2284"]
[BlackElo "2483"]
[Annotator "ChessBase"]
[PlyCount "61"]
[EventDate "2019.12.13"]
[EventType "swiss"]
[EventCountry "ESP"]
[SourceTitle "playchess.com"]
[Source "ChessBase"]
[SourceQuality "1"]
[TimeControl "40/5400+30:1800+30"]

1. e4 {[%emt 0:01:41]} c6 {[%emt 0:00:00]} 2. d4 {[%emt 0:00:18]} d5 {[%emt 0:00:00]} 3. Nc3 {[%emt 0:00:00]} dxe4 {[%emt 0:00:02]} 4. Nxe4 {[%emt 0:00:00]} Bf5 {[%emt 0:00:06]} 5. Ng3 {[%emt 0:00:00]} Bg6 {[%emt 0:00:12]} 6. h4 {[%emt 0:00:00]} h6 {[%emt 0:00:03]} 7. Nf3 {[%emt 0:00:04]} Nd7 {[%emt 0:00:08]} 8. h5 {[%emt 0:00:43]} Bh7 {[%emt 0:00:09]} 9. Bd3 {[%emt 0:00:13]} Bxd3 {[%emt 0:00:08]} 10. Qxd3 {[%emt 0:00:09]} e6 {[%emt 0:00:44]} 11. Bd2 {[%emt 0:00:45]} Ngf6 {[%emt 0:00:00]} 12. O-O-O {[%emt 0:00:28]} a5 {[%emt 0:03:21]} 13. Rhe1 {[%emt 0:02:49]} Be7 {[%emt 0:03:50]} 14. Kb1 {[%emt 0:01:21]} O-O {[%emt 0:03:16]} 15. Bc1 {[%emt 0:01:37]} a4 {[%emt 0:00:00]} 16. a3 {[%emt 0:05:37]} Qb6 {[%emt 0:09:17]} 17. Nf5 {[%emt 0:04:21]} exf5 {[%emt 0:06:34]} 18. Rxe7 {[%emt 0:00:22]} Qd8 {[%emt 0:00:04]} 19. Re2 {[%emt 0:01:41]} Ne4 {[%emt 0:04:19]} 20. g4 {[%emt 0:04:03]} fxg4 {[%emt 0:06:07]} 21. Rxe4 {[%emt 0:01:12]} gxf3 {[%emt 0:00:08]} 22. Rg1 {[%emt 0:02:30]} f5 {[%emt 0:12:15]} 23. Re6 {[%emt 0:06:43]} Rf6 {[%emt 0:15:51]} 24. Rxf6 {[%emt 0:05:15]} Nxf6 {[%emt 0:00:17]} 25. Qxf5 {[%emt 0:02:31]} Ra5 {[%emt 0:09:08]} 26. Qg6 {[%emt 0:03:17]} Nxh5 {[%emt 0:05:41]} 27. Bxh6 {[%emt 0:02:52]} Qf8 {[%emt 0:00:45]} 28. Re1 {[%emt 0:13:49]} Nf6 {[%emt 0:00:18]} 29. Rg1 {[%emt 0:03:21]} Nh5 {[%emt 0:00:05]} 30. Re1 {[%emt 0:00:09]} Nf6 {[%emt 0:00:07]} 31. Rg1 {[%emt 0:09:03]} 1/2-1/2

[Event "VI Sunway Sitges Open 2019"]
[Site "Sitges"]
[Date "2019.12.15"]
[Round "3.48"]
[White "Maghsoodloo, Parham"]
[Black "Bru Rullo, Llatzer"]
[Result "1-0"]
[WhiteElo "2690"]
[BlackElo "2296"]
[Annotator "TA"]
[PlyCount "105"]
[EventDate "2019.12.13"]
[EventType "swiss"]
[EventCountry "ESP"]
[SourceTitle "playchess.com"]
[Source "ChessBase"]
[SourceQuality "1"]

{[%evp 20,105,30,26,22,24,16,17,25,26,31,21,33,29,33,21,38,37,26,15,26,26,26,21,37,37,56,37,53,64,48,49,68,48,225,229,284,211,222,45,52,0,220,135,156,98,107,0,11,14,26,0,0,0,139,143,143,133,141,138,145,56,91,29,141,122,257,233,224,225,230,254,469,473,463,460,545,545,526,537,675,711,642,642,628,618,496,478]} 1. Nf3 Nf6 2. c4 b6 3. g3 Bb7 4. Bg2 g6 5. b3 Bg7 6. Bb2 c5 7. O-O O-O 8. d4 cxd4 9. Qxd4 d6 10. Rd1 Nbd7 11. Nc3 Ne4 {A30: Symmetrical English: Double Fianchetto and Hedgehog} 12. Qe3 Nxc3 13. Bxc3 Bxc3 {The position is equal.} 14. Qxc3 Qc7 15. Ne1 a6 16. Qe3 Nf6 17. a4 Rab8 {[#]} 18. Bxb7 $146 ({Predecessor:} 18. Rd4 Rfc8 19. Qh6 {½-½ (62) Maghsoodloo,P (2656)-Ivanchuk,V (2684) Leon 2019}) 18... Qxb7 19. Nd3 Rfc8 20. Nb4 Rc5 21. Qd2 Qc8 22. f3 h5 23. Kg2 h4 24. Nd3 Rh5 25. Nf4 Rh7 26. g4 Nxg4 $2 ({Black should try} 26... Kf8 $14) 27. fxg4 $18 Qxg4+ 28. Kf2 Qf5 29. Ke1 $2 (29. Kg1 $1 $18) 29... Qe4 $1 $14 30. Kf2 $2 (30. Qc1 $14) 30... Qf5 $1 $18 31. e4 Qxe4 32. Rg1 (32. Kg1 $142) 32... Qf5 $16 {[#] Strongly threatening ...e5.} 33. Ke2 ({White has to play} 33. Ke3 $1 $16) 33... h3 34. Nd5 Qe5+ {[%mdl 64] Double Attack} 35. Qe3 Qb2+ 36. Kf3 {Rab1 is the strong threat.} e6 (36... Rh5 $1 $11 {keeps the balance.}) 37. Qc3 $36 {[%mdl 2048] White has strong initiative.} Qxc3+ 38. Nxc3 Kf8 39. Rgd1 Ke7 40. Ne4 (40. Rd3 $16) 40... Rd8 41. a5 ({White should play} 41. Rd3 $16) 41... bxa5 (41... f5 $1 $11) 42. Rxa5 Rb8 (42... f5 $16) 43. Rxa6 $18 Rxb3+ {[#]} 44. Kg4 $1 Rb2 45. c5 ({Don't take} 45. Nxd6 $6 Rxh2 46. Ra7+ Kf8 $16) 45... dxc5 $2 (45... Rg2+ 46. Kf3 d5) 46. Ra7+ {White is clearly winning.} Kf8 47. Nf6 Rg2+ 48. Kf3 {aiming for Rdd7!} Rh4 49. Rdd7 {[%csl Ga7][%cal Rd7f7]} Kg7 50. Rxf7+ Kh6 51. Ne4 Rxe4 52. Kxe4 Rxh2 53. Kf4 {Accuracy: White = 61%, Black = 37%.} 1-0

[Event "VI Sunway Sitges Open 2019"]
[Site "Sitges"]
[Date "2019.12.15"]
[Round "3.49"]
[White "Backiel, Hubert"]
[Black "Meers, Hubert"]
[Result "0-1"]
[WhiteElo "1860"]
[BlackElo "2161"]
[Annotator "NA"]
[PlyCount "93"]
[EventDate "2019.12.13"]
[EventType "swiss"]
[EventCountry "ESP"]
[SourceTitle "playchess.com"]
[Source "ChessBase"]
[SourceQuality "1"]
[TimeControl "40/5400+30:1800+30"]

1. e4 {[%emt 0:00:03]} c5 {[%emt 0:00:33]} 2. Nf3 {[%emt 0:00:58]} d6 {[%emt 0:00:16]} 3. Nc3 {[%emt 0:00:12]} Nf6 {[%emt 0:01:51]} 4. g3 {[%emt 0:01:06]} a6 {[%emt 0:01:27]} 5. Bg2 {[%emt 0:00:25]} e5 6. O-O {[%emt 0:19:19]} Be7 {[%emt 0:00:11]} 7. d3 {[%emt 0:01:08]} b5 {[%emt 0:04:49]} 8. a4 {[%emt 0:01:10]} b4 {[%emt 0:00:07]} 9. Nb1 {[%emt 0:00:54]} O-O {[%emt 0:03:05]} 10. Nbd2 {[%emt 0:00:40]} Nc6 {[%emt 0:03:41]} 11. b3 {[%emt 0:02:23]} Ne8 {[%emt 0:13:17]} 12. Nc4 {[%emt 0:06:08]} g6 {[%emt 0:06:56]} 13. Bb2 {[%emt 0:08:50]} Ng7 {[%emt 0:12:28]} 14. Nfd2 {[%emt 0:11:15]} Ne6 {[%emt 0:00:37]} 15. Re1 {[%emt 0:00:49]} a5 {[%emt 0:02:41]} 16. Nf1 {[%emt 0:01:09]} Ned4 {[%emt 0:05:38]} 17. Nfe3 {[%emt 0:01:09]} Be6 {[%emt 0:01:47]} 18. Rf1 {[%emt 0:04:15]} Rc8 {[%emt 0:05:08]} 19. Nd5 {[%emt 0:03:39]} h5 {[%emt 0:03:00]} 20. f4 {[%emt 0:04:15]} Bg4 {[%emt 0:02:14]} 21. Qd2 {[%emt 0:02:53]} h4 {[%emt 0:01:07]} 22. Rae1 {[%emt 0:05:42]} h3 {[%emt 0:10:53]} 23. Bh1 {[%emt 0:06:23]} exf4 {[%emt 0:00:06]} 24. Nxf4 {[%emt 0:00:21]} Ne5 {[%emt 0:01:25]} 25. Bxd4 {[%emt 0:01:56]} cxd4 {[%emt 0:00:09]} 26. Qf2 {[%emt 0:00:35]} Bf6 {[%emt 0:05:00]} 27. Nh5 {[%emt 0:11:26]} Bh8 {[%emt 0:00:38]} 28. Nf6+ {[%emt 0:00:07]} Bxf6 {[%emt 0:00:05]} 29. Qxf6 {[%emt 0:00:20]} Qxf6 {[%emt 0:00:11]} 30. Rxf6 {[%emt 0:00:01]} Rfd8 {[%emt 0:00:21]} 31. Ref1 {[%emt 0:00:42]} Rc7 {[%emt 0:01:25]} 32. Kf2 {[%emt 0:02:21]} Kg7 {[%emt 0:00:27]} 33. Ke1 {[%emt 0:00:01]} Be6 {[%emt 0:00:28]} 34. R6f2 {[%emt 0:04:07]} Ng4 {[%emt 0:00:37]} 35. Rd2 {[%emt 0:03:25]} Rc5 {[%emt 0:00:03]} 36. Bf3 {[%emt 0:00:57]} Ne5 37. Kd1 {[%emt 0:01:03]} Nxf3 {[%emt 0:00:13]} 38. Rxf3 {[%emt 0:00:02]} Bg4 {[%emt 0:00:06]} 39. Rdf2 {[%emt 0:00:25]} Rd7 {[%emt 0:01:58]} 40. Kd2 {[%emt 0:00:13]} Bxf3 {[%emt 0:00:06]} 41. Rxf3 {[%emt 0:00:03]} d5 {[%emt 0:01:10]} 42. exd5 {[%emt 0:00:57]} Rdxd5 {[%emt 0:01:05]} 43. g4 {[%emt 0:02:38]} Rg5 {[%emt 0:01:25]} 44. Rf4 {[%emt 0:01:59]} f5 {[%emt 0:03:49]} 45. Rxd4 {[%emt 0:01:44]} Rxg4 {[%emt 0:02:10]} 46. Rd7+ {[%emt 0:02:07]} Kf6 {[%emt 0:00:52]} 47. Ne3 {[%emt 0:00:30]} 0-1

[Event "VI Sunway Sitges Open 2019"]
[Site "Sitges"]
[Date "2019.12.15"]
[Round "3.50"]
[White "Dias, Savin"]
[Black "Han, Yichen"]
[Result "0-1"]
[WhiteElo "1921"]
[BlackElo "2257"]
[Annotator "NA"]
[PlyCount "41"]
[EventDate "2019.12.13"]
[EventType "swiss"]
[EventCountry "ESP"]
[SourceTitle "playchess.com"]
[Source "ChessBase"]
[SourceQuality "1"]
[TimeControl "40/5400+30:1800+30"]

1. e4 e5 2. Nf3 Nc6 3. Bc4 Nf6 4. d3 Be7 5. O-O O-O 6. Re1 d6 7. h3 Na5 8. Nc3 Nxc4 9. dxc4 b6 10. a4 a5 11. Qd3 c6 12. b3 Nd7 13. Ba3 Nc5 14. Bxc5 bxc5 15. Rad1 Qe8 16. g4 g6 17. Kh1 Kh8 18. Nh2 f5 19. f3 Be6 20. exf5 gxf5 21. f4 0-1

[Event "VI Sunway Sitges Open 2019"]
[Site "Sitges"]
[Date "2019.12.15"]
[Round "3.51"]
[White "Medar, Marti"]
[Black "Perez Puyal, Jose Joaquin"]
[Result "1-0"]
[WhiteElo "1995"]
[BlackElo "1824"]
[Annotator "NA"]
[PlyCount "63"]
[EventDate "2019.12.13"]
[EventType "swiss"]
[EventCountry "ESP"]
[SourceTitle "playchess.com"]
[Source "ChessBase"]
[SourceQuality "1"]
[TimeControl "40/5400+30:1800+30"]

1. d4 {[%emt 0:00:41]} Nf6 {[%emt 0:02:15]} 2. Bf4 {[%emt 0:00:24]} g6 {[%emt 0:00:00]} 3. Nc3 {[%emt 0:01:53]} d5 {[%emt 0:01:13]} 4. Qd2 {[%emt 0:01:27]} Bf5 {[%emt 0:01:41]} 5. f3 {[%emt 0:00:00]} Bg7 {[%emt 0:02:01]} 6. g4 {[%emt 0:00:32]} Be6 {[%emt 0:01:52]} 7. h4 {[%emt 0:03:48]} Nc6 {[%emt 0:08:30]} 8. h5 {[%emt 0:06:28]} Qd7 {[%emt 0:00:00]} 9. h6 {[%emt 0:00:31]} Bf8 {[%emt 0:00:44]} 10. e3 {[%emt 0:02:30]} a6 {[%emt 0:06:56]} 11. Nh3 {[%emt 0:03:32]} O-O-O {[%emt 0:00:07]} 12. Na4 {[%emt 0:04:06]} Qe8 {[%emt 0:01:35]} 13. Ng5 {[%emt 0:06:10]} Bd7 {[%emt 0:05:43]} 14. O-O-O {[%emt 0:04:01]} e6 {[%emt 0:05:24]} 15. Qh2 {[%emt 0:08:30]} Nb4 {[%emt 0:03:33]} 16. Nc3 {[%emt 0:03:46]} Bd6 {[%emt 0:08:02]} 17. Bxd6 {[%emt 0:00:32]} cxd6 {[%emt 0:00:07]} 18. Qxd6 {[%emt 0:02:09]} Nc6 {[%emt 0:02:26]} 19. Na4 {[%emt 0:00:00]} b5 {[%emt 0:03:23]} 20. Nc5 {[%emt 0:02:10]} Qf8 {[%emt 0:04:00]} 21. Qxf8 {[%emt 0:02:55]} Rhxf8 {[%emt 0:00:02]} 22. Nxa6 {[%emt 0:00:21]} Na5 {[%emt 0:01:56]} 23. b3 {[%emt 0:01:11]} Kb7 {[%emt 0:00:51]} 24. Nc5+ {[%emt 0:00:08]} Kb6 {[%emt 0:00:19]} 25. Kb2 {[%emt 0:00:41]} Nb7 {[%emt 0:00:27]} 26. Nd3 {[%emt 0:01:04]} Nd6 {[%emt 0:01:19]} 27. Ne5 {[%emt 0:00:33]} Bc6 {[%emt 0:01:27]} 28. a3 {[%emt 0:06:46]} Ra8 {[%emt 0:03:18]} 29. Bg2 {[%emt 0:03:43]} Ra7 {[%emt 0:01:07]} 30. Nxc6 {[%emt 0:03:59]} Kxc6 {[%emt 0:00:00]} 31. e4 {[%emt 0:00:11]} dxe4 {[%emt 0:00:00]} 32. fxe4 {[%emt 0:00:06]} 1-0